Scores des Finales des Coupes du Monde de Football (Mort subite) - Statistiques

Statistiques générales
  • Ce quiz a été pris 701 fois
  • Le résultat moyen est 6 sur 12
Answers on the Grid
Answers color-coded by a green-red scale on the quiz's grid according to % correct below.
0-0
1-0
1-1
2-0
2-1
3-0
3-1
3-2
3-3
4-1
4-2
5-2
2-2
4-0
4-3
4-4
5-1
6-0
6-3
5-3
 
Statistiques - réponses
Réponse % Correct
1930 Uruguay - Argentine, 1938 Italie - Hongrie, 1966 Angleterre - RFA, 2018 France - Croatie 4-2
74%
1990 RFA - Argentine, 2010 Espagne - Pays-Bas, 2014 Allemagne - Argentine 1-0
73%
2022 Argentine - France 3-3
69%
1998 France - Brésil 3-0
65%
2006 Italie - France 1-1
62%
2002 Brésil - Allemagne 2-0
59%
1994 Brésil - Italie 0-0
58%
1934 Italie - Tchécoslovaquie, 1950 Uruguay - Brésil, 1974 RFA - Pays-Bas 2-1
51%
1962 Brésil - Tchécoslovaquie, 1978 Argentine - Pays-Bas, 1982 Italie - RFA 3-1
38%
1954 RFA - Hongrie, 1986 Argentine - RFA 3-2
34%
1970 Brésil - Italie 4-1
29%
1958 Brésil - Suède 5-2
24%
Aucun quiz correspondant
Distribution des résultats
% des personnes avec chaque résultat
Percentile par nombre de réponses
Votre historique - résultats
Vous n’avez pas pris ce quiz